000 00279nam a22001337a 4500
008 170418b xxu||||| |||| 00| 0 eng d
020 _a9780471351511
041 _aeng
080 _a579
100 _a11
101 _aSHM
245 _aVIROLOGY
_cACHESON.N.H
942 _2udc
_cBK
999 _c10985
_d10985